006190000a22001690004500090001400000245005400014650002900068650003000097650002300127650001700150041001400167100003100181942001300212773002900225999001500254952018000269 aARb0088410aClaves a los ordenes de los mamíferos vivientes14aTaxonomía animal9824514aMorfología animal9995314aMamíferos99251014aFauna9925940 aEspañol1 aHoffman, Forrest M.992960 cARTICULO1 tPreprint33q1-16d1989? c9972d9972 001040718HEMEROTECAaBogotabBogotad2015-02-27eMuñoz Saba, YanethhFuera de circulaciónl0oAR 00884p012710r2015-03-25 00:00:00t1w2015-03-25xDonaciónyARTICULO